Computer confluence : exploring tomorrow's technology

Saved in:
Bibliographic Details
Main Author: Beekman, George
Other Authors: Rathswohl, Eugene J.
Format: Book
Language:English
Published: Massachusetts : Addison-Wesley, c1999
Edition:2nd ed.
Subjects:
Tags: Add Tag
No Tags, Be the first to tag this record!

MARC

LEADER 00000nam a2200000 i 4500
001 1/4081
008 000524s1999 eng d
020 |a 0-201-42881-4 
020 |a 0-201-56191-3 
035 |l 10061028 
040 |a GR-MY-UA  |b gre  |e aacr 
041 0 |a eng 
082 0 |a 004 
100 1 |a Beekman, George. 
245 1 0 |a Computer confluence :  |b exploring tomorrow's technology /  |c George Beekman, Eugene Rathswohl 
250 |a 2nd ed. 
260 |a Massachusetts :   |b Addison-Wesley,   |c c1999 
300 |a xxxii, 555 p.  |e 1 computer laser optical disc (4 3/4 in.) 
504 |a Includes bibliographical references and index 
650 0 0 |a Computers. 
650 0 0 |a Information technology. 
700 1 |a Rathswohl, Eugene J. 
852 |a INST  |b CHIOS  |e 20000524  |h 004 BEE  |p 005200017600  |q 005200017600  |t BK  |y 0 
852 |a INST  |b CHIOS  |e 20000529  |h 004 BEE   |p 005200014107  |q 005200014107  |t BK  |y 0 
901 |a BIBL2-2000-2 
909 |a Χ  |b 077955 
909 |a Χ  |b 077956 
922 |a 2ΕΛΗ  |b 200005  |c ΤΔΕ  |d ΠΑΠΑΣΩΤΗΡΙΟΥ 
950 |a 112-1999-11-03 
970 |a ΣΠΕΝΤΖΑ  |b ΕΛΕΝΗ  |z 2000/05/29